| 000 | 00559nam a2200181 4500 | ||
|---|---|---|---|
| 005 | 20260424155235.0 | ||
| 008 | 260424b |||||||| |||| 00| 0 eng d | ||
| 020 |
_a0406002762 _qhbk |
||
| 041 | _aeng. | ||
| 082 | _a348.4704 REA | ||
| 100 | _aRead,James S. | ||
| 245 |
_aLaw reports of the commonwealth 1989: criminal law reports _c/James S Read,Peter E Slinn, and Radhika Edwards. |
||
| 250 | _a1st ed.Reprint | ||
| 260 |
_aUK: _bLondon Butterworths, _c2004. |
||
| 300 |
_axxxix,817p. _c;20 cm. |
||
| 650 | _aLaws, regulations, cases | ||
| 942 | _cENGLISH | ||
| 999 |
_c619710 _d619710 |
||